[Event "EU-ch Seniors 65 (Women)"]
[Site "Rhodes"]
[Date "2019.04.14"]
[Round "9"]
[White "Ristoja, Aulikki"]
[Black "Gaprindashvili, Nona"]
[Result "0-1"]
[WhiteElo "1551"]
[BlackElo "2294"]
[PlyCount "92"]
[EventDate "2019.04.06"]
[EventType "tourn"]
[EventRounds "9"]
[EventCountry "GRE"]
[SourceTitle "CBM 189 Extra"]
[Source "ChessBase"]
[SourceDate "2019.06.03"]
[SourceVersion "1"]
[SourceVersionDate "2019.06.03"]
[SourceQuality "1"]

1. d4 g6 2. Bf4 Bg7 3. Nc3 d6 4. e3 Nd7 5. Bc4 e6 6. Nf3 Ne7 7. Bb3 b6 8. 0-0 Bb7 9. Qe2 0-0 10. Rad1 a6 11. e4 h6 12. Rfe1 Kh7 13. Bg3 Qe8 14. Nb1 Nf6 15. e5 Nh5 16. exd6 Nxg3 17. hxg3 cxd6 18. c3 b5 19. Nbd2 Qd8 20. Bc2 Qb6 21. Nh4 a5 22. Nf1 b4 23. g4 Rac8 24. Qd2 Bf6 25. Nf3 Bxf3 26. gxf3 bxc3 27. bxc3 Qc6 28. Rc1 Qxf3 29. Nh2 Qh3 30. Be4 Bg5 31. f4 Qg3+ 32. Qg2 Bxf4 33. Qxg3 Bxg3 34. Re2 Rc7 35. Rec2 Rfc8 36. Kg2 Bf4 37. Rf1 e5 38. Nf3 Kg7 39. dxe5 dxe5 40. Rd1 f5 41. gxf5 gxf5 42. Bd5 Rd8 43. c4 Rxd5 44. Rxd5 Nxd5 45. Re2 Ne3+ 46. Kh3 Kf6 0-1

[Event "EU-ch Seniors 65 (Women)"]
[Site "Rhodes"]
[Date "2019.04.06"]
[Round "1"]
[White "Gaprindashvili, Nona"]
[Black "Sorokina, Tamara"]
[Result "1-0"]
[WhiteElo "2294"]
[BlackElo "2051"]
[PlyCount "113"]
[EventDate "2019.04.06"]
[EventType "tourn"]
[EventRounds "9"]
[EventCountry "GRE"]
[SourceTitle "CBM 189 Extra"]
[Source "ChessBase"]
[SourceDate "2019.06.03"]
[SourceVersion "1"]
[SourceVersionDate "2019.06.03"]
[SourceQuality "1"]

1. d4 Nf6 2. c4 e6 3. Nc3 c5 4. d5 exd5 5. cxd5 d6 6. e4 a6 7. a4 g6 8. Be2 Bg7 9. Nf3 0-0 10. 0-0 Re8 11. Qc2 Bg4 12. h3 Bxf3 13. Bxf3 Nbd7 14. a5 Qc7 15. Be3 Rab8 16. Rfc1 b5 17. axb6 Rxb6 18. Be2 Nb8 19. Ra4 Qb7 20. Rb1 Rb4 21. f3 Nfd7 22. Rxb4 cxb4 23. Na4 f5 24. Rc1 fxe4 25. fxe4 Nf6 26. Bd3 Qe7 27. Bf2 Nbd7 28. Re1 Nh5 29. Bxa6 Be5 30. Qd1 Rf8 31. Qg4 Rxf2 32. Kxf2 Bg3+ 33. Ke2 Nf4+ 34. Kd1 Bxe1 35. Qxf4 Bh4 36. Qg4 Nf8 37. Kc2 Bf6 38. Kb3 Qa7 39. Bb5 Qe3+ 40. Kxb4 Bxb2 41. Nxb2 Qc5+ 42. Ka4 Qc2+ 43. Ka3 Qc5+ 44. Kb3 Qxb5+ 45. Kc3 Qa5+ 46. Kc2 Qc5+ 47. Kb1 Qg1+ 48. Nd1 Qb6+ 49. Kc2 Kg7 50. Nc3 Qc7 51. Qh4 h6 52. e5 dxe5 53. Qb4 Qd7 54. g4 Nh7 55. Qb8 Nf6 56. Qxe5 Kf7 57. Kd3 1-0

[Event "Wch Seniors 65 (Women) 28th"]
[Site "Bled"]
[Date "2018.11.26"]
[Round "8"]
[White "Sorokina, Tamara"]
[Black "Gaprindashvili, Nona"]
[Result "1/2-1/2"]
[WhiteElo "2058"]
[BlackElo "2301"]
[PlyCount "73"]
[EventDate "2018.11.18"]
[EventType "swiss"]
[EventRounds "11"]
[EventCountry "SLO"]
[SourceTitle "CBM 187 Extra"]
[Source "ChessBase"]
[SourceDate "2018.11.04"]
[SourceVersion "1"]
[SourceVersionDate "2018.11.04"]
[SourceQuality "1"]

1. d4 c5 2. e3 e6 3. Nf3 Nf6 4. Bd3 b6 5. Nbd2 Bb7 6. c3 d5 7. 0-0 Bd6 8. b3 Nbd7 9. Bb2 0-0 10. c4 Ne4 11. Qe2 Nxd2 12. Nxd2 cxd4 13. exd4 Qf6 14. cxd5 Qh6 15. Nf3 Bxd5 16. Be4 Nf6 17. Bxd5 Nxd5 18. g3 Qh5 19. Rfe1 Rac8 20. Rac1 Bb4 21. Red1 Rfd8 22. Qd3 Be7 23. a3 Bf6 24. Qe4 Qg6 25. Qxg6 hxg6 26. Rxc8 Rxc8 27. Rc1 Rxc1+ 28. Bxc1 a5 29. a4 Be7 30. Bb2 f6 31. Kf1 Kf7 32. Ke2 Ke8 33. Kd3 Kd7 34. Kc4 Kc6 35. Ne1 g5 36. Nc2 Bd6 37. Ne3 1/2-1/2

[Event "Wch Seniors 65 (Women) 28th"]
[Site "Bled"]
[Date "2018.11.22"]
[Round "5"]
[White "Dotan, Valeria"]
[Black "Gaprindashvili, Nona"]
[Result "1/2-1/2"]
[WhiteElo "1883"]
[BlackElo "2301"]
[PlyCount "129"]
[EventDate "2018.11.18"]
[EventType "swiss"]
[EventRounds "11"]
[EventCountry "SLO"]
[SourceTitle "CBM 187 Extra"]
[Source "ChessBase"]
[SourceDate "2018.11.04"]
[SourceVersion "1"]
[SourceVersionDate "2018.11.04"]
[SourceQuality "1"]

1. Nf3 d6 2. d4 g6 3. e4 Bg7 4. Bd3 e6 5. Nc3 Ne7 6. Be3 Nd7 7. Qd2 h6 8. h4 a6 9. g4 b5 10. Ne2 Bb7 11. Ng3 c5 12. c3 Qc7 13. g5 h5 14. Be2 c4 15. Nh2 Nb6 16. Bd1 Bc6 17. f3 0-0-0 18. Qf2 Kb7 19. Bc2 Rhf8 20. Nhf1 f6 21. Nd2 fxg5 22. Bxg5 Bf6 23. Qe3 e5 24. d5 Bd7 25. 0-0-0 Bxg5 26. Qxg5 Rf7 27. Qe3 Rdf8 28. Rdg1 Be8 29. Ne2 Nd7 30. Kb1 Qc5 31. Qxc5 Nxc5 32. b3 cxb3 33. axb3 a5 34. Kb2 Kb6 35. b4 axb4 36. cxb4 Na6 37. Kb3 Bd7 38. Bd3 Rf6 39. Rg3 Rc8 40. Rgg1 Rcf8 41. Rg3 Be8 42. Rc1 Bf7 43. Nc3 Rc8 44. Rgg1 Be8 45. Ne2 Nc7 46. Rc2 Ra8 47. Ra2 Rxa2 48. Kxa2 Na6 49. Kb3 Bf7 50. Ka3 Be8 51. Kb3 Rf8 52. Ka3 Bd7 53. Kb3 Nc7 54. Kb2 Rf6 55. Kb3 Be8 56. Kb2 Rf8 57. Nc3 Na6 58. Ka3 Nc7 59. Kb3 Bf7 60. Kb2 Bg8 61. Ra1 Rf4 62. Rh1 Bf7 63. Ne2 Rf6 64. Rg1 Be8 65. Kb3 1/2-1/2

[Event "Wch Seniors 65 (Women) 28th"]
[Site "Bled"]
[Date "2018.11.21"]
[Round "4"]
[White "Gaprindashvili, Nona"]
[Black "Fatalibekova, Elena"]
[Result "1/2-1/2"]
[WhiteElo "2301"]
[BlackElo "2161"]
[PlyCount "53"]
[EventDate "2018.11.18"]
[EventType "swiss"]
[EventRounds "11"]
[EventCountry "SLO"]
[SourceTitle "CBM 187 Extra"]
[Source "ChessBase"]
[SourceDate "2018.11.04"]
[SourceVersion "1"]
[SourceVersionDate "2018.11.04"]
[SourceQuality "1"]

1. d4 Nf6 2. c4 e6 3. Nc3 Bb4 4. g3 0-0 5. Bg2 Bxc3+ 6. bxc3 d6 7. Nf3 Nc6 8. Ba3 Re8 9. c5 d5 10. 0-0 b6 11. c4 Bb7 12. cxd5 exd5 13. Rc1 Ne4 14. Rc2 f6 15. Qc1 Na5 16. Ne1 c6 17. Nd3 Nc4 18. Bb4 a5 19. Be1 b5 20. f3 Ng5 21. Bf2 Bc8 22. g4 Ra7 23. Re1 Rae7 24. e3 Ne6 25. Qa1 Rd7 26. Rce2 Nc7 27. Nb2 1/2-1/2

[Event "Wch Seniors 65 (Women) 28th"]
[Site "Bled"]
[Date "2018.11.19"]
[Round "2"]
[White "Gaprindashvili, Nona"]
[Black "Tsifanskaya, Ludmila A"]
[Result "1/2-1/2"]
[WhiteElo "2301"]
[BlackElo "1996"]
[PlyCount "57"]
[EventDate "2018.11.18"]
[EventType "swiss"]
[EventRounds "11"]
[EventCountry "SLO"]
[SourceTitle "CBM 187 Extra"]
[Source "ChessBase"]
[SourceDate "2018.11.04"]
[SourceVersion "1"]
[SourceVersionDate "2018.11.04"]
[SourceQuality "1"]

1. d4 Nf6 2. c4 e6 3. Nc3 Bb4 4. g3 0-0 5. Bg2 d6 6. Nf3 Bxc3+ 7. bxc3 Nbd7 8. 0-0 Re8 9. Nd2 e5 10. e3 Rb8 11. Qc2 Qe7 12. e4 b6 13. Ba3 c5 14. d5 Nf8 15. Rae1 Nh5 16. Bc1 g6 17. Qd1 Qd8 18. f4 exf4 19. gxf4 Nd7 20. Qf3 f6 21. Qf2 Ng7 22. Qh4 Ba6 23. Qg3 Kh8 24. Bf3 Qc7 25. Bg4 f5 26. exf5 gxf5 27. Bf3 Nf6 28. Kh1 Qf7 29. Qh4 1/2-1/2

[Event "EU-ch Seniors 65 18th"]
[Site "Drammen"]
[Date "2018.08.12"]
[Round "9"]
[White "Gaprindashvili, Nona"]
[Black "Vinke, Dietmar"]
[Result "1/2-1/2"]
[WhiteElo "2305"]
[BlackElo "2166"]
[PlyCount "31"]
[EventDate "2018.08.04"]
[EventType "swiss"]
[EventRounds "9"]
[EventCountry "NOR"]
[SourceTitle "CBM 186 Extra"]
[Source "ChessBase"]
[SourceDate "2018.08.24"]
[SourceVersion "1"]
[SourceVersionDate "2018.08.24"]
[SourceQuality "1"]

1. d4 Nf6 2. c4 g6 3. Nc3 Bg7 4. e4 d6 5. Be2 0-0 6. Bg5 Na6 7. Qd2 e5 8. d5 Qe8 9. f3 Nh5 10. g3 f5 11. 0-0-0 Bd7 12. Be3 b6 13. Re1 Nc5 14. b4 Nb7 15. Bd1 a5 16. b5 1/2-1/2

[Event "EU-ch Seniors 65 18th"]
[Site "Drammen"]
[Date "2018.08.11"]
[Round "8"]
[White "Lederman, Leon S"]
[Black "Gaprindashvili, Nona"]
[Result "1/2-1/2"]
[WhiteElo "2245"]
[BlackElo "2305"]
[PlyCount "37"]
[EventDate "2018.08.04"]
[EventType "swiss"]
[EventRounds "9"]
[EventCountry "NOR"]
[SourceTitle "CBM 186 Extra"]
[Source "ChessBase"]
[SourceDate "2018.08.24"]
[SourceVersion "1"]
[SourceVersionDate "2018.08.24"]
[SourceQuality "1"]

1. e4 b6 2. d4 Bb7 3. Bd3 g6 4. Qe2 Bg7 5. Nf3 e6 6. 0-0 Ne7 7. Bg5 d6 8. Nbd2 0-0 9. e5 Nd7 10. a4 dxe5 11. dxe5 Nc5 12. Bc4 h6 13. Be3 Nd7 14. a5 Nf5 15. Bf4 g5 16. g4 Nh4 17. Nxh4 gxf4 18. Nhf3 Qe7 19. c3 1/2-1/2

[Event "EU-ch Seniors 65 18th"]
[Site "Drammen"]
[Date "2018.08.09"]
[Round "6"]
[White "Gaprindashvili, Nona"]
[Black "Kolbak, Jens"]
[Result "1/2-1/2"]
[WhiteElo "2305"]
[BlackElo "2181"]
[PlyCount "62"]
[EventDate "2018.08.04"]
[EventType "swiss"]
[EventRounds "9"]
[EventCountry "NOR"]
[SourceTitle "CBM 186 Extra"]
[Source "ChessBase"]
[SourceDate "2018.08.24"]
[SourceVersion "1"]
[SourceVersionDate "2018.08.24"]
[SourceQuality "1"]

1. d4 Nf6 2. c4 e6 3. Nf3 d5 4. Nc3 a6 5. cxd5 exd5 6. Bg5 Be6 7. e3 Nbd7 8. Bd3 Bd6 9. Rc1 c6 10. 0-0 0-0 11. Bh4 Qb8 12. Bg3 Bg4 13. b4 Re8 14. Qc2 Bh5 15. Nh4 Bxg3 16. hxg3 Bg6 17. Nxg6 hxg6 18. a4 Qd6 19. Rfe1 Re7 20. b5 axb5 21. axb5 c5 22. dxc5 Qxc5 23. Ne2 Qxc2 24. Bxc2 g5 25. Bb3 Nb6 26. Nd4 g6 27. Rc2 Rc8 28. Rxc8+ Nxc8 29. Nf3 g4 30. Rc1 Nb6 31. Nd4 Kf8 1/2-1/2

[Event "EU-ch Seniors 65 18th"]
[Site "Drammen"]
[Date "2018.08.07"]
[Round "4"]
[White "Gaprindashvili, Nona"]
[Black "Gruzmann, Boris"]
[Result "1-0"]
[WhiteElo "2305"]
[BlackElo "2183"]
[PlyCount "71"]
[EventDate "2018.08.04"]
[EventType "swiss"]
[EventRounds "9"]
[EventCountry "NOR"]
[SourceTitle "CBM 186 Extra"]
[Source "ChessBase"]
[SourceDate "2018.08.24"]
[SourceVersion "1"]
[SourceVersionDate "2018.08.24"]
[SourceQuality "1"]

1. d4 Nf6 2. c4 d6 3. Nc3 g6 4. e4 Bg7 5. Be2 0-0 6. Bg5 h6 7. Be3 e5 8. d5 c6 9. g4 Qa5 10. f3 cxd5 11. cxd5 h5 12. h3 a6 13. Rb1 b5 14. b4 Qc7 15. Rc1 Qb7 16. Kf1 Nbd7 17. a4 bxa4 18. Qxa4 Rb8 19. Rb1 Ne8 20. Bd3 Nc7 21. Qc6 hxg4 22. hxg4 Re8 23. Nge2 Bf8 24. Kg2 Qxc6 25. dxc6 Nb6 26. Bxb6 Rxb6 27. Nd5 Nxd5 28. exd5 f5 29. gxf5 Bxf5 30. Bxf5 gxf5 31. Ng3 Rb5 32. Rhd1 Reb8 33. Nxf5 Rxb4 34. c7 Rxb1 35. Rxb1 Rc8 36. Ne7+ 1-0

[Event "EU-ch Seniors 65 18th"]
[Site "Drammen"]
[Date "2018.08.05"]
[Round "2"]
[White "Gaprindashvili, Nona"]
[Black "Moe, Mogens"]
[Result "1/2-1/2"]
[WhiteElo "2305"]
[BlackElo "2150"]
[PlyCount "84"]
[EventDate "2018.08.04"]
[EventType "swiss"]
[EventRounds "9"]
[EventCountry "NOR"]
[SourceTitle "CBM 186 Extra"]
[Source "ChessBase"]
[SourceDate "2018.08.24"]
[SourceVersion "1"]
[SourceVersionDate "2018.08.24"]
[SourceQuality "1"]

1. d4 Nf6 2. c4 g6 3. Nc3 d5 4. cxd5 Nxd5 5. e4 Nxc3 6. bxc3 Bg7 7. Be3 c5 8. Rc1 Qa5 9. Qd2 0-0 10. d5 Rd8 11. c4 Qa3 12. Qc2 f5 13. exf5 Bxf5 14. Qb3 Bb2 15. Rd1 Qxb3 16. axb3 Bc2 17. Rd2 Bc3 18. Ne2 Bxd2+ 19. Kxd2 Bxb3 20. Kc3 Ba4 21. Bxc5 Kf7 22. Nd4 Bd7 23. Bd3 Na6 24. Ba3 Rac8 25. Nf3 Kf6 26. Kd2 Bf5 27. Bb2+ Kf7 28. Ng5+ Kg8 29. Ba3 Rd7 30. Be2 Nc5 31. g4 h6 32. gxf5 hxg5 33. fxg6 Rd6 34. Bg4 Rc7 35. Be6+ Kg7 36. Bf7 Ne4+ 37. Ke3 Rxc4 38. Bxd6 Nxd6 39. Rg1 Nxf7 40. gxf7 Kxf7 41. Rxg5 Rh4 42. Rg2 a5 1/2-1/2

[Event "EU-ch Seniors 65 18th"]
[Site "Drammen"]
[Date "2018.08.04"]
[Round "1"]
[White "Danielsson, Robert"]
[Black "Gaprindashvili, Nona"]
[Result "0-1"]
[WhiteElo "1993"]
[BlackElo "2305"]
[PlyCount "76"]
[EventDate "2018.08.04"]
[EventType "swiss"]
[EventRounds "9"]
[EventCountry "NOR"]
[SourceTitle "CBM 186 Extra"]
[Source "ChessBase"]
[SourceDate "2018.08.24"]
[SourceVersion "1"]
[SourceVersionDate "2018.08.24"]
[SourceQuality "1"]

1. d4 g6 2. c4 d6 3. Nc3 Nd7 4. e4 e5 5. Be3 Nh6 6. f3 f5 7. Qd2 f4 8. Bf2 Bg7 9. Nge2 Nf7 10. d5 c5 11. Nc1 0-0 12. Nd3 Nf6 13. Be2 Bd7 14. b4 cxb4 15. Nxb4 Qa5 16. Rb1 Rfc8 17. 0-0 g5 18. Qb2 g4 19. Rfd1 gxf3 20. gxf3 Ng5 21. Kh1 Nh3 22. Bg1 Bf8 23. Nc2 Be7 24. Qb4 Qxb4 25. Rxb4 b6 26. Rdb1 Kf7 27. a4 Rg8 28. Rf1 Rg6 29. Bf2 Rag8 30. Nd1 Bd8 31. Bd3 a5 32. Rb2 Bxa4 33. Ra2 Bb3 34. Rb2 a4 35. Na1 Bxd1 36. Rxd1 Rg2 37. Rf1 Nd7 38. Re2 Bh4 0-1

[Event "EU-ch ACP (Women) Blitz"]
[Site "Tbilisi"]
[Date "2018.04.01"]
[Round "5"]
[White "Gaprindashvili, Nona"]
[Black "Bodnaruk, Anastasia"]
[Result "0-1"]
[WhiteElo "2305"]
[BlackElo "2456"]
[PlyCount "124"]
[EventDate "2018.04.01"]
[EventType "swiss (blitz)"]
[EventRounds "13"]
[EventCountry "GEO"]
[SourceTitle "CBM 183 Extra"]
[Source "ChessBase"]
[SourceDate "2018.04.19"]
[SourceVersion "1"]
[SourceVersionDate "2018.04.19"]
[SourceQuality "1"]

1. d4 Nf6 2. c4 g6 3. Nc3 Bg7 4. e4 d6 5. Be2 0-0 6. Bg5 c5 7. d5 h6 8. Be3 e6 9. Qd2 exd5 10. exd5 Kh7 11. h3 Re8 12. Nf3 a6 13. 0-0 Nbd7 14. a4 b6 15. Bd3 Rb8 16. Rfe1 Ne5 17. Nxe5 dxe5 18. a5 Bf8 19. axb6 Qxb6 20. Na4 Qc7 21. f4 e4 22. Be2 Bd6 23. Rf1 Rb3 24. Ra3 Rb4 25. Rc1 Bd7 26. Nc3 Reb8 27. Rb1 Qb7 28. b3 Qc8 29. Qc2 R4b6 30. Bf1 Bf5 31. Qf2 Qc7 32. Na4 Rb4 33. Nxc5 Bxc5 34. Bxc5 e3 35. Bxe3 Bxb1 36. Be2 Rxb3 37. Rxa6 Ne4 38. Qf3 Qe7 39. Ra7 Qxa7 40. Bxa7 Rxf3 41. Bxf3 Ra8 42. Bb6 Rc8 43. Be2 Nc5 44. d6 Bf5 45. Bg4 Nd7 46. Bc7 Bxg4 47. hxg4 Kg7 48. Kf2 Kf6 49. Ke3 Ke6 50. Kd4 Nb8 51. c5 Nc6+ 52. Kc4 Ra8 53. Kb5 Kd7 54. Kb6 Ra4 55. g3 f5 56. gxf5 gxf5 57. Kb5 Rb4+ 58. Ka6 Rb3 59. Bb6 Rxg3 60. Kb5 h5 61. Kc4 h4 62. Kd5 h3 0-1

[Event "EU-ch ACP (Women) Blitz"]
[Site "Tbilisi"]
[Date "2018.04.01"]
[Round "1"]
[White "Gaprindashvili, Nona"]
[Black "Ushenina, Anna"]
[Result "0-1"]
[WhiteElo "2305"]
[BlackElo "2423"]
[PlyCount "114"]
[EventDate "2018.04.01"]
[EventType "swiss (blitz)"]
[EventRounds "13"]
[EventCountry "GEO"]
[SourceTitle "CBM 183 Extra"]
[Source "ChessBase"]
[SourceDate "2018.04.19"]
[SourceVersion "1"]
[SourceVersionDate "2018.04.19"]
[SourceQuality "1"]

1. d4 d5 2. c4 e6 3. Nf3 a6 4. e3 Nf6 5. b3 b6 6. Bb2 Bb7 7. Nbd2 Bd6 8. Bd3 Nbd7 9. 0-0 0-0 10. Rc1 Qe7 11. Bb1 Ne4 12. Nxe4 dxe4 13. Nd2 f5 14. f4 Nf6 15. Qe1 Rad8 16. Qh4 Ng4 17. Qxe7 Bxe7 18. Rfe1 c5 19. Nf1 Rd7 20. Rcd1 Rfd8 21. Bc2 Bf6 22. h3 Nh6 23. a3 cxd4 24. exd4 Bxd4+ 25. Bxd4 Rxd4 26. Ne3 Nf7 27. b4 Rxd1 28. Rxd1 Rxd1+ 29. Nxd1 Kf8 30. Ne3 g5 31. g3 Ke7 32. Bb3 Kf6 33. Kf2 e5 34. fxg5+ Nxg5 35. h4 Nf3 36. c5 bxc5 37. bxc5 Nd4 38. Bd5 Bc8 39. Nc4 Bd7 40. Nb6 Bc6 41. Bc4 a5 42. Nd5+ Bxd5 43. Bxd5 h6 44. Ke3 Nc2+ 45. Kd2 Nxa3 46. Kc3 Ke7 47. Kb3 Nb5 48. Ka4 Nc3+ 49. Kxa5 Nxd5 50. Kb5 Ke6 51. Kc4 e3 52. Kd3 f4 53. g4 f3 54. c6 e2 55. Kd2 Kd6 56. g5 hxg5 57. hxg5 Kxc6 0-1

[Event "Wch Seniors 65 (Women) 27th"]
[Site "Acqui Terme"]
[Date "2017.11.12"]
[Round "5"]
[White "Gaprindashvili, Nona"]
[Black "Titorenko, Natalia I"]
[Result "1-0"]
[WhiteElo "2306"]
[BlackElo "2146"]
[PlyCount "74"]
[EventDate "2017.11.07"]
[EventType "swiss"]
[EventRounds "9"]
[EventCountry "ITA"]
[SourceTitle "CBM 181 Extra"]
[Source "ChessBase"]
[SourceDate "2017.12.12"]
[SourceVersion "1"]
[SourceVersionDate "2017.12.12"]
[SourceQuality "1"]

1. d4 d5 2. c4 e6 3. Nf3 c5 4. cxd5 exd5 5. Nc3 Nc6 6. g3 Nf6 7. Bg2 Be7 8. 0-0 0-0 9. Bg5 c4 10. Ne5 Be6 11. Be3 Qa5 12. h3 Rad8 13. Qc2 Ne8 14. Rfd1 f6 15. Nxc4 dxc4 16. d5 Nb4 17. Qe4 Bf7 18. Qxe7 Nd6 19. Bf4 Rfe8 20. Bxd6 Rxe7 21. Bxe7 Rd7 22. Bxb4 Qxb4 23. Rd2 Bg6 24. a4 Qf8 25. e4 Be8 26. Kh2 g5 27. Rf1 Rf7 28. Ra1 h5 29. Bf3 Rh7 30. Be2 h4 31. Bg4 Qd6 32. Bf5 Re7 33. Re1 Bd7 34. Bg6 a6 35. Ree2 Qc5 36. d6 Re5 37. Bf5 Qc8 1-0

[Event "Wch Seniors 65 (Women) 27th"]
[Site "Acqui Terme"]
[Date "2017.11.07"]
[Round "1"]
[White "Gaprindashvili, Nona"]
[Black "Abolina, Arija Solveiga"]
[Result "1-0"]
[WhiteElo "2306"]
[BlackElo "1841"]
[PlyCount "57"]
[EventDate "2017.11.07"]
[EventType "swiss"]
[EventRounds "9"]
[EventCountry "ITA"]
[SourceTitle "CBM 181 Extra"]
[Source "ChessBase"]
[SourceDate "2017.12.12"]
[SourceVersion "1"]
[SourceVersionDate "2017.12.12"]
[SourceQuality "1"]

1. d4 Nf6 2. c4 e6 3. Nc3 Bb4 4. Bd2 c5 5. d5 d6 6. f3 0-0 7. e4 e5 8. Nge2 h6 9. Ng3 Bd7 10. Bd3 a6 11. a4 a5 12. 0-0 Na6 13. h3 Nc7 14. f4 Nh7 15. fxe5 dxe5 16. Nf5 Bxf5 17. Rxf5 Qd6 18. Qg4 Ra6 19. Qg3 Re8 20. Raf1 Re7 21. Be2 Qg6 22. Qh4 Qd6 23. R5f3 Qd7 24. Rg3 Rg6 25. Rxf7 Kxf7 26. Rxg6 Bxc3 27. Bxc3 Nf6 28. Rg3 Kg8 29. Qxf6 1-0